| 000 | 00741cam a2200205 4500 | ||
|---|---|---|---|
| 001 | X118505 | ||
| 008 | 020624n2002 000 0 eng u | ||
| 035 | _a(Sirsi) u118505 | ||
| 100 | _aKing, V. | ||
| 245 | _aEnabling legislation | ||
| 260 | _c2002 | ||
| 490 |
_aEstates Gazette _v(0216) 20 April 2002, 176-177(2) |
||
| 520 | _aExamines possible effect of Disability Discrimination Act 1995 on landlord and tenant relationships, mainly regarding service providers. | ||
| 650 | _aDISABILITY DISCRIMINATION ACT 1995 | ||
| 650 | _aMANAGEMENT-BUSINESS MANAGEMENT-DISCRIMINATION-DISABILITY DISCRIMINATION-ACCESSIBILITY | ||
| 650 | _aSERVICE PROVIDERS | ||
| 690 |
_aLandlord and tenant _96252 |
||
| 700 | _aWilliams, P.J.G | ||
| 942 | _n0 | ||
| 999 |
_c70552 _d70552 |
||